| 000 | 00650cab a2200217 4500 | ||
|---|---|---|---|
| 001 | WB3328-15 | ||
| 008 | 090401t1997 xxu||||| |||| 00| 0 eng d | ||
| 035 | _a(Sirsi) u79665 | ||
| 041 | _aeng | ||
| 245 | _aLow Edinburgh rents | ||
| 260 | _c1997 | ||
| 350 | _a0 | ||
| 490 |
_aHerald _v14 July 1997, 16(1) |
||
| 520 | _aAccording to Weatherall Green & Smith, office rents in Edinburgh are low compared with other European financial centres. | ||
| 650 | _aEDINBURGH | ||
| 650 | _aOFFICE RENTS | ||
| 650 | _aWEATHERALL GREEN & SMITH | ||
| 690 | _aPROPERTY-COMMERCIAL PROPERTY-COMMERCIAL PROPERTY MARKET | ||
| 942 | _n0 | ||
| 948 | _c16/07/1997 | ||
| 999 |
_c50109 _d50109 |
||